Books of the New Testament - Sudden Death - Statistics

General Stats
  • This quiz has been taken 62 times
  • The average score is 7 of 15
Answers on the Grid
Answers color-coded by a green-red scale on the quiz's grid according to % correct below.
1 John
1 Jude
1 Kings
1 Timothy
2 Corinthians
2 Peter
2 Samuel
2 Thessalonians
3 Peter
4 John
Acts
Daniel
Deuteronomy
Ephesians
Ezra
Genesis
Haggai
Hebrews
James
Job
Jude
Judges
Luke
Malachi
Mark
Matthew
Numbers
Paul
Psalms
Revelations
Ruth
Titus
 
Answer Stats
Answer % Correct
1 John
88%
2 Corinthians
67%
Luke
55%
2 Peter
52%
Matthew
52%
1 Timothy
50%
Mark
50%
Acts
48%
Ephesians
45%
Revelations
45%
James
43%
2 Thessalonians
40%
Hebrews
40%
Titus
31%
Jude
29%
No matching quizzes found
Score Distribution
Percent of People with Each Score
Percentile by Number Answered
Your Score History
You have not taken this quiz